01423cas a2200385 a 4500008004100000022001500041040002800056043002100084050001300105050001500118082001900133222002800152245002600180246003700206246002800243246000900271260005600280300002500336310002300361362003200384500009600416500003000512610003900542650003500581650005800616650004400674650006700718650002900785653001300814653003300827710002600860776005300886780004800939785005000987130321u19601999cu qr p 0 0spa c a0008-7157  aEG-GiCUCbspacEG-GiCUC acl-----anwcu---00aPN6b.C314aAP63b.C2600a860.809805219 0aCasa de las Américas.10aCasa de las Americas.13aLa revista Casa de las Americas.13aRevista de las Americas30aCasa aLa Habana, Cuba :bLa Casa de las Americas,cc1960- av. :bill. ;c23 cm. atrimestral, 1991- 0 aVol. 1, n. 1 (jun./jul.)- . aEn 1969 la Biblioteca Nacional José Martí publica un índice de los años 1960/1967.  aTít. tomado de la cub. 20aCasa de las AmericasvPeriodicals. 0aCuban literaturevPeriodicals. 0aCuban literaturexHistory and criticismvPeriodicals. 0aLatin American literaturevPeriodicals. 0aLatin American literaturexHistory and criticismvPeriodicals. 0aLiteraturevPeriodicals. aCultura. aLiteratura hispanoamericana.2 aCasa de las Americas.08iOnline version:tRevista Casa de las Amâericas00aCasa de las Americas.tCasa de las Americas00tCasa de las Amâericas (Havana, Cuba : 1994)